000 00419nam a22001577a 4500
999 _c1977
_d1977
008 200210b ||||| |||| 00| 0 eng d
082 0 0 _a621.3
_bD269
100 _91563
_aDawes,Chester L.
245 1 0 _aA course in electrical engineering - II
_cby Chester L Dawes
250 _a4th
260 _aNew York
_bMcGraw-Hill
_c1952
300 _axxi,736p.
365 _d31.08
650 0 _aElectrical Engineering
942 _cBK